Città in Italia - Morte improvvisa - Statistics

Statistiche generali
  • Questo quiz è stato fatto 731 volte
  • Il punteggio medio è 12 su 15
Answers on the Grid
Answers color-coded by a green-red scale on the quiz's grid according to % correct below.
Firenze
Monaco
Palermo
Trieste
Pola
Torino
Lugano
La Valletta
Bologna
Bergamo
Ibiza
Grenoble
Bastia
Roma
Cagliari
Cannes
Tirana
Venezia
Genova
Porto Vecchio
Catania
Como
Nizza
Napoli
Palma di Maiorca
Pompei
Saragozza
Tripoli
San Marino
Milano
 
Statistiche sulle risposte
Risposta % Corretto
Firenze
99%
Trieste
95%
Palermo
92%
Torino
89%
Bergamo
86%
Bologna
86%
Cagliari
83%
Roma
82%
Genova
81%
Venezia
81%
Catania
75%
Como
74%
Napoli
73%
Milano
72%
Pompei
70%
Nessun quiz corrispondente trovato
Distribuzione punteggi
Percentuale di utenti per punteggio
Percentile per numero di risposta
I tuoi punteggi nel tempo
Non hai fatto questo quiz